Komunikácia ako dôležitý nástroj motivácie zamestnancov v hoteli diplomová práca

Enregistré dans:
Détails bibliographiques
Auteur principal: Tomšová, Andrea
Collectivité auteur: Obchodná fakulta EU. Katedra služieb a cestovného ruchu - zrušené
Autres auteurs: Valenteová, Katarína
Format: Livre
Langue:slovaque
Publié: Bratislava 2017
Tags: Ajouter un tag
Pas de tags, Soyez le premier à ajouter un tag!

MARC

LEADER 00000nbm a2200000 4500
001 0230765
005 20170814113524.8
041 0 |a slo 
044 |a SK 
245 1 0 |a Komunikácia ako dôležitý nástroj motivácie zamestnancov v hoteli  |b diplomová práca  |c Andrea Tomšová ; školiteľ: Katarína Valenteová 
264 1 |a Bratislava  |c 2017 
300 |a 56 s. 
100 1 |a Tomšová, Andrea 
700 1 |a Valenteová, Katarína 
710 2 |a Obchodná fakulta EU. Katedra služieb a cestovného ruchu - zrušené